000 00475cam a22001217a 4500
008 180718b1961 xxu||||| |||| 00| 0 eng d
082 _aA2:Z4
245 _aAgricultural economics in India: a bibliography
_cby Directorate of Economics and Statistics, Ministry of Food and Agriculture
250 _a2nd ed.
260 _aDelhi
_bThe Manager of Publications.
_c1961
300 _a342+p.
700 _aIndia. Ministry of Food and Agriculture, Directorate of Economics and Statistics
999 _c487418
_d487418